000 00700nam a2200205Ia 4500
003 GCL
008 140319s9999 xx 000 0 ara d
040 _aGCL /
_cGCL
082 0 4 _a370.15
_bع م
100 1 _aعبدالغنى الديدى
245 1 0 _aالمراهقة والتحليل النفسى ظواهر المراهقة, مشكاكلها وخفاياها /
_cعبدالغنى الديدى
260 _a[S.N] :
_bدار الفكر اللبنانى ،
_c1995
300 _a232 ص
490 _a
650 0 4 _aالتحليل النفسى
650 0 4 _aعلم النفس التربوى
650 0 4 _aالمراهقة
650 0 4 _aعلم النفس التجريبى
942 _2ddc
_cBK
999 _c37416
_d37416